02065nam a2200349 i 4500003000500000005001700005008004100022010001500063020003100078040002500109050001800134082002300152245008500175250002000260264004400280300004600324336002100370337002500391338002300416504005100439505082900490650001901319650001801338700002901356700003201385700003301417700003701450700003201487942004101519952013801560999001701698CSPC20240809111140.0240408s2021 moua b 001 0 eng  a2020935150 a9780323641937q(paperback) cCSPCaCSPCbengerda00aRT120.I5bI5800223a616.028bIn89100aIntroduction to critical care nursing /cedited by Mary Lou Sole [and 4 others]. aEighth edition. 1aSt. Louis, Missouri :bElsevier,c2021. axv, 646 pages ;billustrations ;c28 cm.  2rdacontentatext 2rdamediaaunmediated 2rdacarrieravolume aIncludes bibliographical references and index.0 aPart 1 Fundamentals concepts -- Overview of critical care nursing -- Patient and family response to the critical care experience -- Ethical and legal issues in critical care nursing -- Palliative and end-of-life care -- Organ donation -- Comfort and sedation -- Part 2 Tools for the critical care nurse -- Nutritional theraphy -- Dysrhythmia interpretation and management -- Hemodynamic monitoring -- Ventilatory assistance -- Rapid response teams and code management -- Part 3 Nursing care during critical illness -- Shock, sepsis, and Multiple organ dysfunction syndrome -- Cardiovascular alterations -- Nervous system alterations -- Acute respiratory failure -- Acute kidney injury -- Hematological and immune disorders -- Gastrointestinal alterations -- Endocrine alterations -- Trauma and surgical management -- Burns. 12aCritical Care.12aNursing Care.1 aSole, Mary Lou,eeditor.1 aKlein, Deborah G.,eeditor.1 aMoseley, Marthe J.,eeditor.1 aMakic, Mary Beth Flynn,eeditor.1 aMorata, Lauren T.,eeditor. 2ddccBKn0h616.028 In891kNURm2021 00102ddc4070aCSPCbCSPCcNURd2024-04-08l1oNUR 616.028 In891 2021p027421r2024-09-24 14:30:39s2024-08-21t1-1w2024-04-08yBK c27402d27402